[Event "Stay Safe Play From Home 164"]
[Site "T#646228Emanuel Laske"]
[Date "2020.05.21"]
[Round "9"]
[White "Trotsky"]
[Black "Haxhi Baha"]
[Result "0-1"]
[WhiteElo "1556"]
[BlackElo "1919"]
[PlyCount "56"]
[EventDate "2020.05.21"]
[EventType "swiss (blitz)"]

1. d4 {[%emt 0:00:01]} d5 {[%emt 0:00:01]} 2. e3 {[%emt 0:00:00]} e6 {[%emt 0:00:01]} 3. c4 {[%emt 0:00:00]} c6 {[%emt 0:00:01]} 4. Nc3 {[%emt 0:00:01]} Nf6 {[%emt 0:00:01]} 5. Nf3 {[%emt 0:00:01]} Bd6 {[%emt 0:00:01]} 6. Qc2 {[%emt 0:00:00]} dxc4 {[%emt 0:00:01]} 7. Bxc4 {[%emt 0:00:01]} b5 {[%emt 0:00:01]} 8. Bd3 {[%emt 0:00:01]} Bb7 {[%emt 0:00:02]} 9. Bd2 {[%emt 0:00:01]} Nbd7 {[%emt 0:00:03]} 10. h4 {[%emt 0:00:02]} h6 {[%emt 0:00:01]} 11. O-O-O {[%emt 0:00:01]} Nb6 {[%emt 0:00:01]} 12. Ne4 {[%emt 0:00:01]} Be7 {[%emt 0:00:01]} 13. Kb1 {[%emt 0:00:02]} Rc8 {[%emt 0:00:02]} 14. Nxf6+ {[%emt 0:00:03]} Bxf6 {[%emt 0:00:01]} 15. Bg6 {[%emt 0:00:03]} fxg6 {[%emt 0:00:02]} 16. Qxg6+ {[%emt 0:00:02]} Ke7 {[%emt 0:00:00]} 17. Bc3 {[%emt 0:00:01]} Qe8 {[%emt 0:00:02]} 18. Qd3 {[%emt 0:00:02]} Nc4 {[%emt 0:00:01]} 19. Ne5 {[%emt 0:00:01]} Bxe5 {[%emt 0:00:01]} 20. dxe5 {[%emt 0:00:01]} c5 {[%emt 0:00:04]} 21. Qe2 {[%emt 0:00:01]} Qg6+ {[%emt 0:00:04]} 22. Ka1 {[%emt 0:00:02]} Ba6 {[%emt 0:00:01]} 23. f4 {[%emt 0:00:01]} b4 {[%emt 0:00:01]} 24. e4 {[%emt 0:00:01]} bxc3 {[%emt 0:00:02]} 25. Qf3 {[%emt 0:00:01]} cxb2+ {[%emt 0:00:01]} 26. Kb1 {[%emt 0:00:02]} Rb8 {[%emt 0:00:02]} 27. f5 {[%emt 0:00:03]} Qxg2 {[%emt 0:00:07]} 28. Qh5 {[%emt 0:00:05]} Na3# {[%emt 0:00:01] (Lag: Av=0.67s, max=1.3s)} 0-1

[Event "Stay Safe Play From Home 164"]
[Site "T#646228Emanuel Laske"]
[Date "2020.05.21"]
[Round "9"]
[White "Aleckst"]
[Black "Sfantul321"]
[Result "0-1"]
[WhiteElo "1405"]
[BlackElo "1965"]
[Annotator "NA"]
[PlyCount "54"]
[EventDate "2020.05.21"]
[EventType "swiss (blitz)"]

1. e4 {[%emt 0:00:02]} g6 {[%emt 0:00:00]} 2. Nf3 {[%emt 0:00:01]} Bg7 {[%emt 0:00:00]} 3. Nc3 {[%emt 0:00:02]} d6 {[%emt 0:00:01]} 4. d4 {[%emt 0:00:01]} Nf6 {[%emt 0:00:02]} 5. Be3 {[%emt 0:00:01]} Bg4 {[%emt 0:00:01]} 6. Bd3 {[%emt 0:00:01]} O-O {[%emt 0:00:01]} 7. Qd2 {[%emt 0:00:00]} Re8 {[%emt 0:00:01]} 8. h3 {[%emt 0:00:01]} Bxf3 {[%emt 0:00:01]} 9. gxf3 {[%emt 0:00:01]} Nc6 {[%emt 0:00:00]} 10. O-O-O {[%emt 0:00:04]} e5 {[%emt 0:00:01]} 11. d5 {[%emt 0:00:02]} Nd4 {[%emt 0:00:01]} 12. Bxd4 {[%emt 0:00:03]} exd4 {[%emt 0:00:01]} 13. Ne2 {[%emt 0:00:01]} Nd7 {[%emt 0:00:00]} 14. h4 {[%emt 0:00:03]} h5 {[%emt 0:00:01]} 15. Rdg1 {[%emt 0:00:02]} Kh7 {[%emt 0:00:01]} 16. f4 {[%emt 0:00:01]} Bh6 {[%emt 0:00:02]} 17. Ng3 {[%emt 0:00:05]} Qf6 {[%emt 0:00:02]} 18. Ne2 {[%emt 0:00:05]} c5 {[%emt 0:00:01]} 19. Rg5 {[%emt 0:00:02]} Bxg5 {[%emt 0:00:02]} 20. hxg5 {[%emt 0:00:01]} Qe7 {[%emt 0:00:02]} 21. Ng3 {[%emt 0:00:01]} Kg8 {[%emt 0:00:01]} 22. Qe2 {[%emt 0:00:04]} f5 {[%emt 0:00:04]} 23. Nxh5 {[%emt 0:00:05]} fxe4 {[%emt 0:00:01]} 24. Nf6+ {[%emt 0:00:05]} Nxf6 {[%emt 0:00:01]} 25. gxf6 {[%emt 0:00:01]} Qxf6 {[%emt 0:00:01]} 26. Bxe4 {[%emt 0:00:01]} Qxf4+ {[%emt 0:00:01]} 27. Kb1 {[%emt 0:00:02]} Rxe4 {[%emt 0:00:01] Время (Lag: Av=0.29s, max=0.6s)} 0-1